000 00463nam a2200181Ia 4500
005 20250423095610.0
008 250422s9999 xx 000 0 und d
020 _a9788183563734
050 _aR 726.7 .R35/
100 _aRaju, M. V. R.
245 0 _aHealth psychology and counselling
260 _aNew Delhi
260 _bDiscovery Publishing House Pvt. Ltd.
260 _c2017
300 _a478 p
650 _aClinical health psychology.
942 _cBK
999 _c30760
_d30760